Los extravíos de la libertad
Kaydedildi:
| Yazar: | |
|---|---|
| Materyal Türü: | Kitap |
| Dil: | İspanyolca |
| Baskı/Yayın Bilgisi: |
Barcelona
Gedisa
1990
|
| Seri Bilgileri: | Serie Cla-De-Ma
|
| Konular: | |
| Etiketler: |
Etiketle
Etiket eklenmemiş, İlk siz ekleyin!
|
MARC
| LEADER | 00000nam a2200000 a 4500 | ||
|---|---|---|---|
| 001 | UCX4469 | ||
| 003 | CL-VaPUC | ||
| 008 | 920519e19900000SP |||||||||||||||||spa|d | ||
| 082 | 0 | 4 | |a 123 |b GRI |2 21 |
| 100 | |a Grimal, Pierre |e author |9 597164 | ||
| 245 | 1 | 4 | |a Los extravíos de la libertad |
| 300 | |a 186 p | ||
| 942 | |c BK | ||
| 945 | |d 19920519 00:00:00 |a oaravena | ||
| 260 | |a Barcelona |b Gedisa |c 1990 | ||
| 650 | 0 | |a Libertad |9 255686 | |
| 583 | |a last modification |c 19920519 00:00:00 |k Rodrigo Vera | ||
| 490 | 0 | |a Serie Cla-De-Ma | |
| 999 | |c 224916 |d 224914 | ||
| 952 | |0 0 |1 0 |4 0 |6 123_000000000000000_GRI_1990 |7 0 |8 A |9 221998 |a BIBHIS |b BIBHIS |d 2019-11-15 |i 2908441 |o 123 GRI 1990 |p 2908441 |r 2025-01-20 |w 2019-11-15 |y BK |k HIS | ||
| 952 | |0 0 |1 0 |4 0 |6 123_000000000000000_GRI_1990 |7 0 |8 A |9 221999 |a BIBHIS |b BIBHIS |d 2019-11-15 |i 2988933 |o 123 GRI 1990 |p 2988933 |r 2025-01-20 |w 2019-11-15 |y BK |k HIS | ||
| 952 | |0 0 |1 0 |4 0 |6 123_000000000000000_GRI_1990 |7 0 |8 A |9 222000 |a BIBEDU |b BIBEDU |d 2019-11-15 |i 3015130 |o 123 GRI 1990 |p 3015130 |r 2019-11-15 |w 2019-11-15 |y BK |k FIL | ||